[Event "SV Letmathe 1 - Düsseldorfer SK 1"]
[Site "Oberliga NRW 2015/2016"]
[Date "2016.01.10"]
[Round "5.3"]
[White "de Gleria, Francesco"]
[Black "Adamski, Jan"]
[Result "0-1"]
[WhiteElo "2346"]
[BlackElo "2267"]
[Annotator "Hausrath,Daniel"]
[PlyCount "65"]
[EventDate "2016.??.??"]
[WhiteTeam "Düsseldorfer SK 1"]
[BlackTeam "SV Letmathe 1"]

1. e4 c5 2. Nf3 a6 3. b4 cxb4 4. a3 e6 5. axb4 Bxb4 6. c3 Be7 7. d4 d6 8. Bd3
Nd7 9. O-O e5 10. Ne1 Ngf6 11. f4 O-O 12. Nd2 b5 13. Nef3 Bb7 14. Qe2 Rc8 15.
Bb2 Re8 16. c4 bxc4 17. Bxc4 exf4 18. Bc3 Bf8 19. Ba5 Qe7 20. Ng5 d5 21. Rfb1
Nb8 22. Bb3 h6 23. Ngf3 dxe4 24. Ne5 Bd5 25. Ba4 Nc6 26. Qxa6 Ra8 27. Nxc6 Rxa6
28. Nxe7+ Rxe7 29. Bb5 Ra8 30. Nc4 Rea7 31. Nb6 Rb8 32. Nxd5 Nxd5 33. Rb2 {
Rest unleserlich!} 0-1

[Event "SV Letmathe 1 - Düsseldorfer SK 1"]
[Site "Oberliga NRW 2015/2016"]
[Date "2016.01.10"]
[Round "5.4"]
[White "Schleining, Zoya"]
[Black "Hainke, Guntram"]
[Result "1-0"]
[WhiteElo "2286"]
[BlackElo "2305"]
[PlyCount "45"]
[EventDate "2016.??.??"]
[WhiteTeam "SV Letmathe 1"]
[BlackTeam "Düsseldorfer SK 1"]

1. c4 c5 2. Nf3 Nc6 3. Nc3 g6 4. e3 Nf6 5. d4 cxd4 6. exd4 d5 7. cxd5 Nxd5 8.
Qb3 e6 9. Bc4 Nxc3 10. bxc3 Na5 11. Bb5+ Bd7 12. Qa4 Nc6 13. d5 exd5 14. O-O
Be7 15. Bh6 a6 16. Bxc6 Bxc6 17. Qd4 f6 18. Rfe1 Kf7 19. Ng5+ Kg8 20. Qe3 Qd7
21. Qxe7 Qxe7 22. Rxe7 fxg5 23. Rae1 1-0

[Event "SV Letmathe 1 - Düsseldorfer SK 1"]
[Site "Oberliga NRW 2015/2016"]
[Date "2016.01.10"]
[Round "5.5"]
[White "Schuh, Dirk"]
[Black "Gruermann, Martin"]
[Result "1/2-1/2"]
[WhiteElo "2327"]
[BlackElo "2128"]
[PlyCount "59"]
[EventDate "2016.??.??"]
[WhiteTeam "Düsseldorfer SK 1"]
[BlackTeam "SV Letmathe 1"]

1. e4 c5 2. Nf3 Nf6 3. e5 Nd5 4. g3 Nc6 5. Bg2 d6 6. exd6 Qxd6 7. O-O Bg4 8. h3
Bxf3 9. Qxf3 e6 10. Nc3 Rd8 11. Nb5 Qd7 12. c4 Ndb4 13. d4 cxd4 14. Bf4 Na6 15.
Rad1 Be7 16. Qg4 O-O 17. Nxd4 h5 18. Qxh5 Nxd4 19. Be5 Bc5 20. b4 Nxb4 21. Bxg7
Kxg7 22. Qg5+ Kh7 23. Qh5+ Kg7 24. Qg5+ Kh7 25. Qxc5 Nbc6 26. Qh5+ Kg7 27. Qg5+
Kh7 28. Qh5+ Kg7 29. Qg5+ Kh7 30. Qh5+ 1/2-1/2

[Event "SV Letmathe 1 - Düsseldorfer SK 1"]
[Site "Oberliga NRW 2015/2016"]
[Date "2016.01.10"]
[Round "5.6"]
[White "Haude, Ruediger"]
[Black "Miedema, David"]
[Result "0-1"]
[WhiteElo "2035"]
[BlackElo "2357"]
[PlyCount "60"]
[EventDate "2016.??.??"]
[WhiteTeam "SV Letmathe 1"]
[BlackTeam "Düsseldorfer SK 1"]

1. d4 e6 2. Nf3 Nf6 3. g3 b6 4. Bg2 Bb7 5. O-O Be7 6. c4 O-O 7. Nc3 Ne4 8. Qc2
Nxc3 9. bxc3 Nc6 10. Nd2 Na5 11. Re1 Bxg2 12. Kxg2 f5 13. Qd3 Qc8 14. Nb3 Nb7
15. f3 c5 16. e4 fxe4 17. fxe4 Nd6 18. Ba3 Qa6 19. dxc5 Nxc4 20. Bc1 Qa4 21.
Be3 Nxe3+ 22. Qxe3 bxc5 23. Re2 Qc6 24. Rd1 d6 25. Nd2 Qa4 26. Ra1 Rf7 27. Nf3
Raf8 28. Rf1 h6 29. Qd3 Qc6 30. Kg1 c4 0-1

[Event "SV Letmathe 1 - Düsseldorfer SK 1"]
[Site "Oberliga NRW 2015/2016"]
[Date "2016.01.10"]
[Round "5.7"]
[White "Plukkel, Sjoerd"]
[Black "Pfleger, Sascha"]
[Result "1-0"]
[WhiteElo "2256"]
[BlackElo "1985"]
[PlyCount "113"]
[EventDate "2016.??.??"]
[WhiteTeam "Düsseldorfer SK 1"]
[BlackTeam "SV Letmathe 1"]

1. e4 e6 2. d4 d5 3. e5 Ne7 4. Nf3 b6 5. c3 Qd7 6. Be3 Nf5 7. Nbd2 Ba6 8. Bxa6
Nxa6 9. Qe2 Nb8 10. O-O Be7 11. Rac1 Nxe3 12. fxe3 O-O 13. g4 Nc6 14. Kh1 f6
15. exf6 Rxf6 16. c4 Raf8 17. g5 Rf5 18. cxd5 exd5 19. Qb5 Bb4 20. Qxc6 Qxc6
21. Rxc6 Bxd2 22. Nxd2 Rxf1+ 23. Nxf1 Rxf1+ 24. Kg2 Rf7 25. b4 Kf8 26. b5 Ke8
27. Rc3 Kd7 28. Ra3 Ke6 29. Rxa7 Kf5 30. Kf3 Kxg5+ 31. Ke2 Kf5 32. a4 Ke6 33.
Ra8 Kd7 34. h4 g6 35. Rh8 c6 36. Ra8 cxb5 37. axb5 Kd6 38. Rc8 Rc7 39. Rb8 Rc2+
40. Kf3 Rb2 41. Rxb6+ Kc7 42. Rf6 Rh2 43. Kg3 Re2 44. Kf4 Rh2 45. b6+ Kb7 46.
Ke5 Rh3 47. Kxd5 Rxe3 48. Rf7+ Kxb6 49. Rxh7 Rh3 50. Ke5 Re3+ 51. Kd6 Rh3 52.
Rh6 Kb5 53. d5 Kc4 54. Rxg6 Rxh4 55. Kc6 Kd4 56. d6 Ke5 57. d7 1-0

[Event "SV Wattenscheid 1 - Klub Kölner SF 1"]
[Site "Oberliga NRW 2015/2016"]
[Date "2016.01.10"]
[Round "5.1"]
[White "Strohhaeker, Raoul"]
[Black "Kerigan, Demre"]
[Result "1-0"]
[WhiteElo "2367"]
[BlackElo "2366"]
[PlyCount "83"]
[EventDate "2016.??.??"]
[WhiteTeam "Klub Kölner SF 1"]
[BlackTeam "SV Wattenscheid 1"]

1. Nf3 g6 2. d4 Bg7 3. g3 d6 4. Bg2 Nf6 5. O-O O-O 6. c4 Nbd7 7. Nc3 e5 8. e4
c6 9. h3 Qa5 10. Be3 exd4 11. Nxd4 Re8 12. Rb1 Ne5 13. Qe2 Be6 14. Nxe6 Rxe6
15. f4 Ned7 16. b4 Qc7 17. Qd3 Rae8 18. Rfd1 a6 19. Rbc1 Qb8 20. Bf2 b5 21. c5
Bf8 22. cxd6 Rxd6 23. Qb1 c5 24. bxc5 Rxd1+ 25. Nxd1 Bxc5 26. Rxc5 Nxc5 27.
Bxc5 Qc7 28. Bf2 Qc4 29. e5 Nh5 30. Ne3 Qe2 31. Qb3 Rc8 32. Bd5 Nxg3 33. Bxf7+
Kg7 34. Bg8 Rc7 35. Qd5 Nh5 36. Ng2 Nxf4 37. Nxf4 Rc1+ 38. Kg2 Qf1+ 39. Kg3
Rc3+ 40. Kg4 Qc4 41. Qd7+ Kxg8 42. e6 1-0

[Event "SV Wattenscheid 1 - Klub Kölner SF 1"]
[Site "Oberliga NRW 2015/2016"]
[Date "2016.01.10"]
[Round "5.2"]
[White "Hopman, Pieter"]
[Black "Morawietz, Dieter"]
[Result "0-1"]
[WhiteElo "2319"]
[BlackElo "2369"]
[PlyCount "84"]
[EventDate "2016.??.??"]
[WhiteTeam "SV Wattenscheid 1"]
[BlackTeam "Klub Kölner SF 1"]

1. Nf3 c5 2. d3 Nc6 3. Nbd2 g6 4. a3 Bg7 5. Rb1 Nf6 6. e4 O-O 7. Be2 d5 8. O-O
Qc7 9. b3 Rd8 10. Qe1 b6 11. Bb2 Nh5 12. Bxg7 Kxg7 13. Qc1 Nf4 14. Re1 f6 15.
Bf1 e5 16. Kh1 Be6 17. Ng1 g5 18. g3 Ng6 19. Be2 Rac8 20. Nf1 Qd7 21. Ne3 d4
22. Ng2 Qd6 23. Rf1 Nce7 24. h4 gxh4 25. gxh4 Rg8 26. Nf3 Bh3 27. Nfe1 Kh8 28.
Rg1 Nf4 29. Nxf4 Rxg1+ 30. Kxg1 exf4 31. Kh2 f3+ 32. Kxh3 fxe2 33. Ng2 Rg8 34.
Qf4 Qe6+ 35. Kh2 Rg4 36. Qb8+ Rg8 37. Qf4 Nc6 38. Re1 Rg4 39. Qf3 Ne5 40. Qxe2
Ng6 41. f3 Qe5+ 42. f4 Qh5 0-1

[Event "SV Wattenscheid 1 - Klub Kölner SF 1"]
[Site "Oberliga NRW 2015/2016"]
[Date "2016.01.10"]
[Round "5.3"]
[White "Wacker, Peter"]
[Black "Peelen, Piet"]
[Result "1/2-1/2"]
[WhiteElo "2269"]
[BlackElo "2309"]
[PlyCount "91"]
[EventDate "2016.??.??"]
[WhiteTeam "Klub Kölner SF 1"]
[BlackTeam "SV Wattenscheid 1"]

1. e4 c6 2. d4 d5 3. Nc3 dxe4 4. Nxe4 Bf5 5. Ng3 Bg6 6. Nh3 Nd7 7. Nf4 e5 8.
Nxg6 hxg6 9. dxe5 Qa5+ 10. Bd2 Qxe5+ 11. Qe2 Qxe2+ 12. Bxe2 Ngf6 13. O-O O-O-O
14. Rad1 Bc5 15. Bc3 Nb6 16. Ba5 Rxd1 17. Rxd1 Rd8 18. Rxd8+ Kxd8 19. Bd2 Ke7
20. Bd3 Nbd7 21. Ne4 Nxe4 22. Bxe4 Ne5 23. c3 Ng4 24. Be1 Bd6 25. g3 a6 26. Bf3
Ne5 27. Be2 g5 28. h3 f5 29. Bd2 Kf6 30. Kg2 g6 31. Be3 Nd7 32. Bd3 Bc5 33. Bc1
Bd6 34. Bc2 Nb6 35. Kf3 Be5 36. Ke2 Bd6 37. Bd3 Nd7 38. Bc2 Bc5 39. f4 gxf4 40.
Bxf4 Nf8 41. b4 Be7 42. g4 Ne6 43. Bd2 Ke5 44. gxf5 gxf5 45. Bb3 Nf4+ 46. Bxf4+
1/2-1/2

[Event "SV Wattenscheid 1 - Klub Kölner SF 1"]
[Site "Oberliga NRW 2015/2016"]
[Date "2016.01.10"]
[Round "5.4"]
[White "De Rover, Yong Hoon"]
[Black "Helbig, Mark"]
[Result "1-0"]
[WhiteElo "2329"]
[BlackElo "2268"]
[PlyCount "121"]
[EventDate "2016.??.??"]
[WhiteTeam "SV Wattenscheid 1"]
[BlackTeam "Klub Kölner SF 1"]

1. e4 c6 2. d4 d5 3. e5 Bf5 4. Nf3 e6 5. Be2 Ne7 6. O-O h6 7. Nbd2 Nd7 8. Nb3
g5 9. Ne1 Qc7 10. Nd3 O-O-O 11. Bd2 Kb8 12. g4 Bxd3 13. Bxd3 c5 14. Nxc5 Nxc5
15. dxc5 Nc6 16. b4 Bg7 17. Rb1 Nxe5 18. Qe2 Nxd3 19. cxd3 Be5 20. h3 Rdg8 21.
Rbe1 f6 22. Kg2 Re8 23. Rc1 h5 24. gxh5 Qf7 25. f4 gxf4 26. Bxf4 Bxf4 27. Rxf4
Rxh5 28. Rcf1 e5 29. Rf5 Rxf5 30. Rxf5 a6 31. Qf2 e4 32. Rxf6 Qg7+ 33. Qg3+
Qxg3+ 34. Kxg3 e3 35. Rf1 d4 36. Rh1 Kc7 37. a4 Kc6 38. Rc1 Kd5 39. h4 Rg8+ 40.
Kh3 a5 41. b5 e2 42. c6 bxc6 43. bxc6 Kd6 44. c7 Kd7 45. h5 Kc8 46. Re1 Re8 47.
Kh4 Kxc7 48. h6 Kc6 49. Kh5 Kc5 50. h7 Kb4 51. Kg6 Kxa4 52. Rxe2 Rd8 53. Rb2
Rd6+ 54. Kg5 Rd5+ 55. Kg4 Rd8 56. Rb7 Ka3 57. Kf5 a4 58. Kf6 Rf8+ 59. Kg7 Rd8
60. h8=Q Rg8+ 61. Kxg8 1-0

[Event "SV Wattenscheid 1 - Klub Kölner SF 1"]
[Site "Oberliga NRW 2015/2016"]
[Date "2016.01.10"]
[Round "5.5"]
[White "Ludwig, Peter"]
[Black "Franke, Johannes"]
[Result "0-1"]
[WhiteElo "2184"]
[BlackElo "2257"]
[PlyCount "114"]
[EventDate "2016.??.??"]
[WhiteTeam "Klub Kölner SF 1"]
[BlackTeam "SV Wattenscheid 1"]

1. Nf3 Nf6 2. c4 g6 3. g3 Bg7 4. Bg2 O-O 5. O-O d6 6. Nc3 e5 7. d4 exd4 8. Nxd4
Nbd7 9. e4 Re8 10. b3 Nc5 11. f3 a5 12. Be3 Nfd7 13. Qd2 Ne5 14. Rab1 a4 15.
Rfd1 axb3 16. axb3 Bd7 17. Bg5 f6 18. Be3 Kh8 19. h3 Ra3 20. f4 Nf7 21. b4 Ne6
22. Nc2 Ra8 23. c5 Ba4 24. Nxa4 Rxa4 25. Qe2 Qc8 26. Qb5 Ra6 27. Qc4 Ra8 28. h4
Ned8 29. Qe2 f5 30. exf5 Qxf5 31. g4 Qe6 32. Bd5 Qe7 33. Qf2 c6 34. Bb3 d5 35.
Re1 Qd7 36. f5 Re4 37. f6 Qxg4+ 38. Kh2 Bf8 39. Rg1 Qxh4+ 40. Qxh4 Rxh4+ 41.
Kg3 Re4 42. Ra1 Rc8 43. Ra7 h5 44. Kf2 Kh7 45. Bd2 Bh6 46. Bc3 Bf4 47. Rga1 Be5
48. Bxe5 Rxe5 49. Ne3 Re4 50. Nxd5 cxd5 51. Bxd5 Rxb4 52. c6 Nxc6 53. Bxf7 Nxa7
54. Rxa7 Rf8 55. Bd5 Rxf6+ 56. Ke3 Rd6 57. Bg2 Ra6 0-1

[Event "SV Wattenscheid 1 - Klub Kölner SF 1"]
[Site "Oberliga NRW 2015/2016"]
[Date "2016.01.10"]
[Round "5.6"]
[White "Hirsch, Stefan"]
[Black "Bonnmann, Reinhard"]
[Result "0-1"]
[WhiteElo "2193"]
[BlackElo "2237"]
[PlyCount "128"]
[EventDate "2016.??.??"]
[WhiteTeam "SV Wattenscheid 1"]
[BlackTeam "Klub Kölner SF 1"]

1. Nf3 Nf6 2. g3 g6 3. Bg2 Bg7 4. O-O O-O 5. d4 d5 6. c4 c6 7. cxd5 cxd5 8. Nc3
Nc6 9. Bf4 Ne4 10. Rc1 Be6 11. Na4 f6 12. Nc5 Nxc5 13. Rxc5 Qd7 14. Qa4 Bf7 15.
Be3 Rfc8 16. Rfc1 e6 17. a3 Bf8 18. R5c3 Be8 19. Bh3 Qf7 20. Qd1 Bd7 21. b4 Qe8
22. Ne1 Nd8 23. Rxc8 Rxc8 24. Rxc8 Bxc8 25. Qc2 Qc6 26. Qxc6 Nxc6 27. Nc2 Kf7
28. Bd2 a6 29. f3 Bd7 30. e4 Ne7 31. Kf2 Ba4 32. Ne3 Bc6 33. Bg2 f5 34. exf5
exf5 35. Nd1 Nc8 36. Nb2 Bg7 37. Ke3 f4+ 38. gxf4 Nd6 39. Bc3 Nb5 40. Kd3 Nxa3
41. Nd1 Bb5+ 42. Kd2 Bh6 43. Ke3 Bf8 44. Nf2 Nc2+ 45. Kd2 Nxb4 46. Ng4 Nc6 47.
Bh3 b6 48. Ne3 Bh6 49. Nxd5 Ne7 50. Nxb6 Bxf4+ 51. Ke1 Bxh2 52. d5 Nf5 53. Bb4
Bc7 54. Bc5 Bg3+ 55. Kd2 Bf4+ 56. Kc3 h5 57. Nc4 Bg3 58. Nd2 Be5+ 59. Kb4 Be2
60. Ne4 Bf4 61. d6 Ke6 62. d7 Kxd7 63. Bxf5+ gxf5 64. Nf6+ Kc6 0-1

[Event "SV Wattenscheid 1 - Klub Kölner SF 1"]
[Site "Oberliga NRW 2015/2016"]
[Date "2016.01.10"]
[Round "5.7"]
[White "Wisskirchen, Andreas"]
[Black "Koerber, Matthias"]
[Result "1/2-1/2"]
[WhiteElo "2188"]
[BlackElo "2139"]
[Annotator "Hausrath,Daniel"]
[PlyCount "53"]
[EventDate "2016.??.??"]
[WhiteTeam "Klub Kölner SF 1"]
[BlackTeam "SV Wattenscheid 1"]

1. d4 d5 2. c4 e6 3. Nc3 Be7 4. Nf3 c6 5. e4 dxe4 6. Nxe4 Nf6 7. Bd3 Nbd7 8.
O-O b6 9. Bf4 Nxe4 10. Bxe4 Bb7 11. Ne5 Nxe5 12. Bxe5 f6 13. Bf4 f5 14. Bf3 Bf6
15. Qe2 Kf7 16. Rfe1 Re8 17. Rad1 Qe7 18. Be5 Rad8 $11 19. Rd3 Rd7 20. Ra3 Ba8
21. Rd3 Red8 22. Red1 Bb7 23. h3 g6 24. Qe3 Bg5 25. Qe2 Bf6 26. Qe3 Bg5 27. Qe2
1/2-1/2

[Event "SV Wattenscheid 1 - Klub Kölner SF 1"]
[Site "Oberliga NRW 2015/2016"]
[Date "2016.01.10"]
[Round "5.8"]
[White "Kaehmann, Joerg"]
[Black "Meertens, Martin"]
[Result "1-0"]
[WhiteElo "2181"]
[BlackElo "2086"]
[Annotator "Hausrath,Daniel"]
[PlyCount "105"]
[EventDate "2016.??.??"]
[WhiteTeam "SV Wattenscheid 1"]
[BlackTeam "Klub Kölner SF 1"]

1. e4 c5 2. Nc3 Nc6 3. g3 g6 4. Bg2 Bg7 5. d3 d6 6. Nh3 e6 7. Be3 Rb8 8. O-O
Nge7 9. Qd2 O-O 10. Bh6 f5 11. Rae1 Nd4 12. Bxg7 Kxg7 13. f4 Nec6 14. Nd1 e5
15. c3 Nb5 16. Ne3 Nc7 17. Kh1 Ne8 $11 18. exf5 Bxf5 19. Nxf5+ Rxf5 20. Ng5 Nc7
21. Bh3 Rf8 22. fxe5 Nxe5 23. Rxf8 Qxf8 24. Rf1 Qe7 25. Bg2 h6 26. Ne4 Rf8 27.
Re1 b6 28. d4 cxd4 29. Qxd4 Rd8 30. Nf2 Ne6 31. Qd2 Ng5 32. Ng4 h5 33. Nxe5
dxe5 34. Qe3 Nf7 35. c4 Qc5 36. Qxc5 bxc5 37. Bd5 Re8 38. Re3 Nd6 39. Ra3 Re7
40. Kg2 Nf5 41. Be4 Rd7 42. Bxf5 gxf5 43. Kf3 Rd2 44. Rxa7+ Kf6 45. Ra6+ Kf7
46. Rc6 Rxh2 47. Rxc5 Kf6 48. b4 Rxa2 49. b5 Ra3+ 50. Kg2 e4 51. b6 h4 52. b7
Rxg3+ 53. Kh2 1-0

[Event "SVG Plettenberg 1 - DJK Aufwärts Aachen"]
[Site "Oberliga NRW 2015/2016"]
[Date "2016.01.10"]
[Round "5.1"]
[White "Braga, Fernando"]
[Black "Haub, Thorsten Michael"]
[Result "1-0"]
[WhiteElo "2368"]
[BlackElo "2333"]
[PlyCount "69"]
[EventDate "2016.??.??"]
[WhiteTeam "DJK Aufwärts Aachen 2"]
[BlackTeam "SVG Plettenberg 1"]

1. Nf3 g6 2. c4 Bg7 3. d4 d6 4. g3 f5 5. Bg2 Nf6 6. O-O O-O 7. Nc3 c6 8. Qc2
Kh8 9. Re1 Na6 10. a3 Be6 11. b3 Bg8 12. e4 fxe4 13. Nxe4 Nxe4 14. Qxe4 Nc5 15.
Qc2 Ne6 16. Bb2 Rc8 17. Rad1 Qa5 18. Re3 Ng5 19. d5 Nxf3+ 20. Bxf3 Qc7 21. Rde1
Rce8 22. Qe2 cxd5 23. cxd5 Rf7 24. h4 Bf6 25. g4 h5 26. gxh5 gxh5 27. Bxh5 Rg7+
28. Rg3 Rxg3+ 29. fxg3 Qb6+ 30. Kh2 Rf8 31. Qd2 Bh7 32. Rxe7 Qxb3 33. Re8 Rxe8
34. Bxf6+ Kg8 35. Qg5+ 1-0

[Event "SVG Plettenberg 1 - DJK Aufwärts Aachen"]
[Site "Oberliga NRW 2015/2016"]
[Date "2016.01.10"]
[Round "5.2"]
[White "Bosch, Jeroen"]
[Black "Braun, Christian"]
[Result "1/2-1/2"]
[WhiteElo "2352"]
[BlackElo "2374"]
[Annotator "Hausrath,Daniel"]
[PlyCount "70"]
[EventDate "2016.??.??"]
[WhiteTeam "SVG Plettenberg 1"]
[BlackTeam "DJK Aufwärts Aachen 2"]

1. Nf3 Nf6 2. c4 g6 3. Nc3 Bg7 4. e4 d6 5. d4 O-O 6. Be2 e5 7. d5 a5 8. Bg5 Na6
9. Nd2 Qe8 10. h4 h5 11. Bxf6 Bxf6 12. g4 hxg4 13. Bxg4 Kg7 14. Qf3 Nb4 15. Kf1
Bxg4 16. Qxg4 Nd3 17. Ne2 Nf4 18. Ng3 Rh8 19. h5 Qc8 20. Qxc8 Raxc8 21. hxg6
Rxh1+ 22. Nxh1 fxg6 23. Ng3 Rh8 24. Nf3 $11 Bh4 25. Rd1 Bxg3 26. fxg3 Rh1+ 27.
Ng1 Nh3 28. Kg2 Rxg1+ 29. Rxg1 Nxg1 30. Kxg1 Kf6 31. Kf2 Kg5 32. Kf3 a4 33. b3
a3 34. Kf2 Kh5 35. Kf3 Kg5 1/2-1/2

[Event "SVG Plettenberg 1 - DJK Aufwärts Aachen"]
[Site "Oberliga NRW 2015/2016"]
[Date "2016.01.10"]
[Round "5.3"]
[White "Roeder, Matthias"]
[Black "Klip, Hans"]
[Result "1/2-1/2"]
[WhiteElo "2354"]
[BlackElo "2346"]
[Annotator "Hausrath,Daniel"]
[PlyCount "93"]
[EventDate "2016.??.??"]
[WhiteTeam "DJK Aufwärts Aachen 2"]
[BlackTeam "SVG Plettenberg 1"]

1. Nf3 f5 2. c4 Nf6 3. g3 g6 4. Bg2 Bg7 5. O-O O-O 6. Nc3 d6 7. d4 c6 8. Rb1
Qc7 9. d5 Na6 10. Nd4 Bd7 11. Bg5 Rae8 12. Qd2 Nc5 13. Bxf6 Bxf6 14. b4 Na6 15.
dxc6 bxc6 16. b5 Nb8 17. bxc6 Nxc6 18. Bxc6 Bxc6 19. Nd5 Qd7 20. Nxc6 Qxc6 21.
Nxf6+ Rxf6 22. Rfc1 Rff8 23. Qe3 Qd7 24. c5 dxc5 25. Rxc5 Rc8 26. Qb3+ Kg7 27.
Rbc1 Rxc5 28. Rxc5 Rd8 $11 29. Qc3+ Kf7 30. Qc4+ Qe6 31. Qxe6+ Kxe6 32. Ra5 Rd7
33. f4 Kf6 34. Kf2 h6 35. h3 e6 36. g4 Rc7 37. Kf3 Rc3+ 38. e3 Rc7 39. h4 fxg4+
40. Kxg4 Rc3 41. Kf3 Rc7 42. Ra6 Rb7 43. Kg4 Rc7 44. Ra3 Re7 45. Ra5 Rc7 46.
Ra3 Re7 47. Ra5 1/2-1/2

[Event "SVG Plettenberg 1 - DJK Aufwärts Aachen"]
[Site "Oberliga NRW 2015/2016"]
[Date "2016.01.10"]
[Round "5.4"]
[White "Bouaraba, Max"]
[Black "Skulener, Wladimir"]
[Result "1/2-1/2"]
[WhiteElo "2197"]
[BlackElo "2299"]
[PlyCount "71"]
[EventDate "2016.??.??"]
[WhiteTeam "SVG Plettenberg 1"]
[BlackTeam "DJK Aufwärts Aachen 2"]

1. d4 f5 2. Bf4 Nf6 3. e3 g6 4. h3 Bg7 5. g4 d6 6. Bd3 fxg4 7. hxg4 Bxg4 8. f3
Bd7 9. Nc3 Nc6 10. Qd2 e5 11. Bg5 exd4 12. Nd5 Ne5 13. exd4 Nxd3+ 14. Qxd3 O-O
15. O-O-O Be6 16. Nf4 Bf7 17. Nge2 Qd7 18. Rdg1 Nd5 19. Nxd5 Bxd5 20. Nf4 Qf5
21. Nxd5 Qxd5 22. f4 Rf5 23. c3 Qxa2 24. Qh3 h5 25. Qd3 Qf7 26. Re1 Re8 27.
Rxe8+ Qxe8 28. Rxh5 Qb5 29. Qxb5 Rxb5 30. Rh2 Rf5 31. Re2 a5 32. Re8+ Rf8 33.
Re7 Rf7 34. Re8+ Rf8 35. Re7 Rf7 36. Re8+ 1/2-1/2

[Event "SVG Plettenberg 1 - DJK Aufwärts Aachen"]
[Site "Oberliga NRW 2015/2016"]
[Date "2016.01.10"]
[Round "5.5"]
[White "Marcziter, Dmitrii"]
[Black "Pieper, Dawid"]
[Result "1/2-1/2"]
[WhiteElo "2226"]
[BlackElo "2165"]
[PlyCount "70"]
[EventDate "2016.??.??"]
[WhiteTeam "DJK Aufwärts Aachen 2"]
[BlackTeam "SVG Plettenberg 1"]

1. d4 e6 2. Nf3 f5 3. g3 Nf6 4. Bg2 Be7 5. O-O O-O 6. c4 d6 7. b4 Ne4 8. Bb2 a5
9. b5 a4 10. Nfd2 d5 11. c5 Bd7 12. Nxe4 fxe4 13. Nc3 Qe8 14. Bc1 Bxb5 15. Bf4
Ba6 16. Bxc7 Nc6 17. f4 Bf6 18. Be5 Nxe5 19. fxe5 Bg5 20. Rb1 Be3+ 21. Kh1 Qh5
22. Rb6 Rxf1+ 23. Bxf1 Rf8 24. Bg2 Rf2 25. c6 Bxe2 26. c7 Bxd1 27. c8=Q+ Rf8
28. Qxe6+ Kh8 29. Qe7 Rf1+ 30. Bxf1 Bf3+ 31. Bg2 Bxg2+ 32. Kxg2 Qf3+ 33. Kh3
Qf5+ 34. Kg2 Qf3+ 35. Kh3 Qf5+ 1/2-1/2

[Event "SVG Plettenberg 1 - DJK Aufwärts Aachen"]
[Site "Oberliga NRW 2015/2016"]
[Date "2016.01.10"]
[Round "5.6"]
[White "Schulze, Marc"]
[Black "Lenaerts, Lennert"]
[Result "1/2-1/2"]
[WhiteElo "2103"]
[BlackElo "2252"]
[Annotator "Hausrath,Daniel"]
[PlyCount "135"]
[EventDate "2016.??.??"]
[WhiteTeam "SVG Plettenberg 1"]
[BlackTeam "DJK Aufwärts Aachen 2"]

1. d4 d5 2. Bf4 Nf6 3. Nf3 c5 4. e3 Nc6 5. c3 Qb6 6. Qb3 c4 7. Qc2 Bf5 8. Qc1
h6 9. h3 g5 10. Bh2 Bg7 11. Be2 O-O 12. O-O Qd8 13. Nbd2 b5 14. b3 Nd7 15. Qb2
Qb6 16. Bd1 Bd3 17. Re1 e5 18. dxe5 Ndxe5 19. Nxe5 Nxe5 20. Bxe5 Bxe5 21. Nf3
Bg7 22. Nd4 b4 23. bxc4 bxc3 24. Qxc3 Bxc4 25. Bb3 Bxb3 26. axb3 Rfc8 27. Qd3
Rab8 28. Ra6 Qb4 29. Rd1 Bxd4 $11 30. Qxd4 Qxd4 31. Rxd4 Rc1+ 32. Kh2 Rc2 33.
Kg3 Rxb3 34. Rxd5 Rb6 35. Rxa7 Rf6 36. f3 Rb6 37. Rf5 Rbb2 38. Kg4 Rxg2+ 39.
Kh5 Rg3 40. Kxh6 Rb6+ 41. Kh5 Rxh3+ 42. Kg4 Rh7 43. Rxg5+ Rg7 44. e4 Rxg5+ 45.
Kxg5 Rb5+ 46. Kf6 Rb6+ 47. Kf5 Kg7 48. e5 Rb5 49. f4 Kf8 50. Kf6 Rb6+ 51. Kg5
f6+ 52. exf6 Rb1 $11 53. Rg7 Rg1+ 54. Kf5 Ra1 55. Rh7 Rb1 56. Rh8+ Kf7 57. Rh7+
Kf8 58. f7 Rb6 59. Kg5 Ra6 60. f5 Ra1 61. Kg6 Ra6+ 62. Kg5 Ra1 63. Rh8+ Kxf7
64. Rh7+ Kg8 65. Rb7 Ra6 66. Re7 Kf8 67. Rh7 Kg8 68. Rc7 1/2-1/2

[Event "SVG Plettenberg 1 - DJK Aufwärts Aachen"]
[Site "Oberliga NRW 2015/2016"]
[Date "2016.01.10"]
[Round "5.7"]
[White "Juegel, Marcel"]
[Black "Kuhnen, Thomas"]
[Result "1-0"]
[WhiteElo "2183"]
[BlackElo "2084"]
[PlyCount "69"]
[EventDate "2016.??.??"]
[WhiteTeam "DJK Aufwärts Aachen 2"]
[BlackTeam "SVG Plettenberg 1"]

1. d4 d5 2. Nf3 Nf6 3. e3 Bg4 4. h3 Bh5 5. g4 Bg6 6. Ne5 Nfd7 7. Nxg6 hxg6 8.
c4 dxc4 9. Bxc4 Nb6 10. Bd3 e6 11. Nc3 N8d7 12. Qf3 Ne5 13. Bb5+ c6 14. dxe5
cxb5 15. Qxb7 Bb4 16. Qc6+ Qd7 17. Qxd7+ Nxd7 18. f4 Bxc3+ 19. bxc3 Nb6 20. Ba3
Rc8 21. Bb4 Nc4 22. a4 Nxe3 23. Ke2 Nd5 24. axb5 Nxc3+ 25. Bxc3 Rxc3 26. Rxa7
O-O 27. Rd1 Rc2+ 28. Rd2 Rc5 29. Rb2 Rb8 30. b6 Rd5 31. b7 Kf8 32. Rc2 Rdd8 33.
Rc7 Kg8 34. Ra6 Re8 35. Rd6 1-0

[Event "SVG Plettenberg 1 - DJK Aufwärts Aachen"]
[Site "Oberliga NRW 2015/2016"]
[Date "2016.01.10"]
[Round "5.8"]
[White "Richardt, Mike"]
[Black "Tochtenhagen, Wolfgang"]
[Result "1-0"]
[WhiteElo "1971"]
[BlackElo "2080"]
[PlyCount "97"]
[EventDate "2016.??.??"]
[WhiteTeam "SVG Plettenberg 1"]
[BlackTeam "DJK Aufwärts Aachen 2"]

1. d4 g6 2. c4 Bg7 3. Nc3 d6 4. e4 Nc6 5. Be3 e5 6. d5 Nce7 7. g4 f5 8. gxf5
gxf5 9. Qh5+ Kf8 10. f3 Nf6 11. Qh4 c5 12. Bd3 a6 13. Nge2 f4 14. Bd2 Ng6 15.
Qf2 Ne8 16. O-O-O Bf6 17. h4 Bd7 18. h5 Ne7 19. Rdg1 b5 20. Nd1 bxc4 21. Bxc4
Bb5 22. Bb3 a5 23. Nec3 a4 24. Nxb5 axb3 25. a3 Nc7 26. Nxc7 Qxc7 27. Bc3 Nc8
28. Rg4 Qf7 29. Qg2 Rg8 30. Nf2 Ne7 31. Rg1 h6 32. Qh3 Bg5 33. Nd3 Qf6 34. Kb1
Kf7 35. Nc1 Rab8 36. Qf1 Bh4 37. Rxg8 Nxg8 38. Qa6 Qe7 39. Rg6 Nf6 40. Nd3 Rg8
41. Rxg8 Nxg8 42. Nc1 Nf6 43. Nxb3 Nxh5 44. Nd2 Nf6 45. Nc4 Ne8 46. Qc8 Bf2 47.
Ba5 Bh4 48. Bb6 h5 49. a4 1-0

[Event "SV Würselen 1 - SG Porz 2"]
[Site "Oberliga NRW 2015/2016"]
[Date "2016.01.10"]
[Round "5.1"]
[White "Bok, Benjamin"]
[Black "Chatalbashev, Boris"]
[Result "1-0"]
[WhiteElo "2624"]
[BlackElo "2555"]
[Annotator "Hausrath,Daniel"]
[PlyCount "83"]
[EventDate "2016.??.??"]
[WhiteTeam "SG Porz 2"]
[BlackTeam "SV Würselen 1"]

1. e4 g6 2. d4 Bg7 3. Nc3 d6 4. Be3 c6 5. h3 Qb6 6. a3 Nf6 7. Nf3 O-O 8. Bd3
Nbd7 9. O-O Qc7 10. a4 b6 11. Qd2 Bb7 12. Rfe1 e5 13. dxe5 Nxe5 14. Nxe5 dxe5
15. a5 b5 16. a6 Bc8 17. Nb1 Be6 18. Qc3 Rfc8 19. Nd2 Nd7 20. b4 f5 21. exf5
gxf5 22. Nb3 f4 23. Bc5 Nf6 $11 24. Qxe5 Qxe5 25. Rxe5 Bxb3 26. cxb3 Nd7 27.
Rg5 h6 28. Rg6 Ne5 29. Rxg7+ Kxg7 30. Bd4 Re8 31. Re1 Rad8 32. Rxe5 Rxd4 33.
Rxe8 Rxd3 34. Re7+ Kg6 35. Rxa7 Rxb3 36. Ra8 Ra3 37. a7 Kg7 38. f3 Ra2 39. h4
h5 40. Kh2 Kh7 41. Kh3 Ra3 42. g3 1-0

[Event "SV Würselen 1 - SG Porz 2"]
[Site "Oberliga NRW 2015/2016"]
[Date "2016.01.10"]
[Round "5.2"]
[White "Hovhannisyan, Mher"]
[Black "Malykin, Vitaly"]
[Result "1/2-1/2"]
[WhiteElo "2475"]
[BlackElo "2365"]
[PlyCount "64"]
[EventDate "2016.??.??"]
[WhiteTeam "SV Würselen 1"]
[BlackTeam "SG Porz 2"]

1. Nf3 d5 2. g3 Nf6 3. Bg2 Nbd7 4. d4 b5 5. a4 b4 6. c4 bxc3 7. bxc3 e6 8. c4
Bb4+ 9. Bd2 a5 10. cxd5 exd5 11. O-O O-O 12. Nc3 Re8 13. Rc1 Ba6 14. Nb5 Bxb5
15. axb5 Qb8 16. e3 Qxb5 17. Rxc7 Bd6 18. Rc2 Reb8 19. Qa1 Ne4 20. Rfc1 a4 21.
Ne5 Nxe5 22. dxe5 Bf8 23. Bc3 Qb3 24. Bxe4 dxe4 25. Rb2 Qc4 26. Bd4 Qa6 27.
Rbc2 a3 28. Qa2 Qe6 29. Qxe6 fxe6 30. Ra2 Rb3 31. Rc6 Kf7 32. Kg2 h5 1/2-1/2